000 00406 a2200145 4500
005 20250819072158.0
020 _a978-1-265-08758-6
082 _a658.15 BRE
100 _aBREALEY, R. A.
245 _aPrinciples of Corporate Finance
260 _aUnited States of America
_bMcGraw Hill
_c2025
300 _axxx, 1156p.: ill
_bGlossary, Index
_c25cm
700 _aStewart C. Myers...{et al}
942 _2ddc
_cBKS
999 _c6771
_d6771